000 01676nam a22002417a 4500
005 20240607103323.0
008 240607s1939 ag ||||fr|||| 00| 0 spa d
040 _aCO-BoUCM
_bspa
_cSandra Yazo
_dSandra Yazo
041 0 _aspa
082 0 4 _220
_a868
092 _aE53N077
100 1 0 _aRembao, Alberto
_d1895-1962
_9181239
245 1 0 _aMeditaciones neoyorkinas.
_cPor Alberto Rembao
260 _aBuenos Aires (Argentina)
_bLibrería “La Aurora” ; Talleres de la Imprenta Metodista
_c1939
300 _a236 páginas
_c21 x 15 cm
500 _aDetalles físicos: Encuadernación en rústica en tapas de cartulina. Lomo con impresión en negro. La tapa delantera, impresa en varios colores e ilustrada. Anteportada, con anotación manuscrita. Dedicatoria. Portada impresa en una sola tinta. Texto en una sola columna, con diferentes tipos y tamaños de letras. Márgenes amplios. Varias hojas sin refilar
505 1 _aLa membrana del rococo ; Las siete constantes de Sir Arthur ; El origen puntual de la esfera ; La centralidad del hombre ; La pantalla vacía ; San Yago en Aberdeen ; La conquista de la infinitud ; La conquista de la inmortalidad ; La conquista del caos ; La figuración creadora ; Asunto de imaginería ; Una teoría interminable de frustraciones ; Santa Anna de Bohemia ; El compartir hermanable de lo agrio de la vida ; La garza del ideal ; El arte de conversar ; Con el alma en la palma de la mano ; Asunto de magia, milagro y martirio
506 _aConsulta en sala
650 7 _919257
_aMeditaciones
650 7 _918708
_aLiteratura mexicana
690 _aLiteratura latinoamericana
_918700
942 _2LOCAL
_cLIBRO
_e1
_hE53N077
999 _c324327
_d324327